विज्ञान के क्षेत्र में कैरियर / (Record no. 65367)

MARC details
000 -LEADER
fixed length control field 01250 a2200229 4500
008 - FIXED-LENGTH DATA ELEMENTS--GENERAL INFORMATION
fixed length control field 090609t xxu||||| |||| 00| 0 hin d
010 ## - LCCN (DPL NO)
LC control number
020 ## - INTERNATIONAL STANDARD BOOK NUMBER
International Standard Book Number 8188162132
Terms of availability 200.00
035 ## - SYSTEM CONTROL NUMBER
System control number B-199121
037 ## - SOURCE OF ACQUISITION
Source of stock number/acquisition हर्षिता प्रकाशन
040 ## - CATALOGING SOURCE
Original cataloging agency dpl
Language of cataloging HIN
082 ## - DEWEY DECIMAL CLASSIFICATION NUMBER
Classification number 371.425
100 ## - MAIN ENTRY--PERSONAL NAME
Personal name मनीष कुमार
9 (RLIN) 45489
245 ## - TITLE STATEMENT
Title विज्ञान के क्षेत्र में कैरियर /
Statement of responsibility, etc मनीष कुमार एवं सर्वेश मिश्र
260 ## - PUBLICATION, DISTRIBUTION, ETC. (IMPRINT)
Place of publication, distribution, etc दिल्ली
Name of publisher, distributor, etc हर्षिता प्रकाशन
Date of publication, distribution, etc 2006
270 ## - ADDRESS
Address ई-11/5, कृष्णनगर
City दिल्ली
State or province दिल्ली
Postal code 110051
300 ## - PHYSICAL DESCRIPTION
Extent 160पृ
Dimensions 22 सेमी (सजिल्द)
700 ## - ADDED ENTRY--PERSONAL NAME
Personal name मिश्र, सर्वेश
9 (RLIN) 45490
942 ## - ADDED ENTRY ELEMENTS (KOHA)
Institution code [OBSOLETE] dpl
Item type Hindi Books
Call number prefix / मनीष
Source of classification or shelving scheme Dewey Decimal Classification
Classification part 371.425
Call number suffix मनीष
Holdings
Withdrawn status Lost status Source of classification or shelving scheme Damaged status Not for loan Collection code Home library Current library Date acquired Cost, normal purchase price Total Checkouts Full call number Barcode Date last seen Cost, replacement price Koha item type Public note
    Dewey Decimal Classification     Non-fiction Sarojini Nagar Sarojini Nagar 20/04/2012 200.00   371.425 मनीष B-199121 20/04/2012 200.00 Hindi Books Withdrawn List Prepared L.No.43/18

© Delhi Public Library
Hit Counter
free hit counter